| 000 | 00615nam a22002057a 4500 | ||
|---|---|---|---|
| 005 | 20211022131123.0 | ||
| 008 | 211013b sp ||||| |||| 00| 0 spa d | ||
| 020 | _a8432929093 | ||
| 050 | 0 | 4 |
_aTH5667 _bI36 1998 |
| 100 | 1 | _aIgoa, José Ma. | |
| 245 | 1 | 0 |
_aEscaleras _c / Jose Ma. Igoa |
| 250 | _a1a ed. | ||
| 260 |
_aBarcelona, España : _bCEAC, _c1998. |
||
| 300 |
_a240 p. : _bil., _c22 cm. |
||
| 490 | 0 | _aMonografías ceac de la construcción | |
| 500 | _aIncluye apéndice e índice | ||
| 505 | _aEn la portada dice Trazado, Cálculo, Construcción | ||
| 650 | 7 |
_2lemb _aEscaleras |
|
| 942 |
_2lcc _cLIB |
||
| 999 |
_c157968 _d157966 |
||